| 000 | 00581nam a2200229 a 4500 | ||
|---|---|---|---|
| 001 | BRL_331 | ||
| 005 | 20190320210705.0 | ||
| 008 | 300713s1957----mx-#######---#000-f#spa-# | ||
| 041 | _aspa | ||
| 044 | _amx | ||
| 050 | 4 |
_aPQ7297 _b.M66 1957 |
|
| 100 | 1 |
_aMonterde, Alberto _923572 |
|
| 245 | 1 | 0 |
_aCalavera y jueves santo _cpor Alberto Monterde. |
| 260 |
_aMéxico _bFCE _c1957 |
||
| 300 |
_a135 p. _c18 cm. |
||
| 440 | 0 |
_aLetras mexicanas _v37 _923573 |
|
| 500 | _aAu330 | ||
| 650 | 1 | 4 |
_aCuentos _910272 |
| 650 | 1 | 4 |
_aLiteratura mexicana _910506 |
| 902 | _aGRL | ||
| 942 |
_2lcc _cB |
||
| 999 |
_c9144 _d9144 |
||